000
00200 a2200097 4500
020
_a
9789500712538
041
_a
spa
100
_a
Franz Hohler
245
_a
La piedra que se queria Rascar
942
_c
BK
999
_c
28853
_d
28853